00559cam a22002051i 4500001001300000003000400013005001700017008004100034010001700075035002000092040002300112042001200135050001600147100001500163245003900178260003800217300003500255650004600290999001700336sa 67006916 DLC20260227112411.0900307s1953 io ak 000 0 ind  asa 67006916  a(OCoLC)21184249 aDLCcMH-LdWUdDLC apremarc00aHJ2943b.N31 aNaboda, R.00aDari hal padjak /coleh R. Naboda. aDjakarta :bBalai pustaka,c1953. a32 p. :bill., form. ;c19 cm. 0aTaxationzIndonesiavJuvenile literature. c76234d76234